[Event "Commonwealth-ch"]
[Site "Glasgow"]
[Date "2014.07.04"]
[Round "5"]
[White "Bhuvaneshwari, R."]
[Black "Bezuidenhout, Roland Reinhold"]
[Result "0-1"]
[WhiteElo "1708"]
[BlackElo "2002"]
[PlyCount "106"]
[EventDate "2014.06.30"]
[EventType "swiss"]
[EventRounds "9"]
[EventCountry "SCO"]
[SourceTitle "CBM 161 Extra"]
[Source "ChessBase"]
[SourceDate "2014.08.29"]
[SourceVersion "1"]
[SourceVersionDate "2014.08.29"]
[SourceQuality "1"]

1. c4 Nf6 2. Nc3 g6 3. g3 d5 4. cxd5 Nxd5 5. Bg2 Nxc3 6. bxc3 Bg7 7. Nf3 0-0 8. 0-0 e5 9. d4 exd4 10. cxd4 Re8 11. Bg5 Qd7 12. Rc1 c6 13. Qd2 a5 14. Bf4 Qe7 15. Ne5 Be6 16. e4 Nd7 17. Nxd7 Bxd7 18. d5 Qb4 19. Rb1 Qxd2 20. Bxd2 cxd5 21. exd5 b5 22. Be3 b4 23. d6 Ra6 24. Rbd1 a4 25. Bb7 Ra5 26. Bd5 Bc3 27. Bc4 Rc8 28. Bb6 Re5 29. Bc7 Rce8 30. h4 Re4 31. Bd5 Re2 32. Rd3 Kg7 33. Bc4 Rc2 34. Bd5 f6 35. Rfd1 b3 36. axb3 a3 37. b4 Bxb4 38. Ra1 Bc5 39. Rf3 Rd2 40. Bc4 Bc6 41. Rf4 a2 42. Ba5 Rxd6 43. Bxa2 Rd3 44. Bc4 Rxg3+ 45. Kh2 Rg2+ 46. Kh3 Bd6 47. Bd2 Bxf4 48. Ra7+ Kh8 49. Bxf4 g5 50. hxg5 Re1 51. Bg3 Bf3 52. Ra8+ Bxa8 53. f3 Rxg3+ 0-1

[Event "Commonwealth-ch"]
[Site "Chennai"]
[Date "2012.11.23"]
[Round "1"]
[White "Ratnakaran, Kantoli"]
[Black "Bhuvaneshwari, R."]
[Result "1-0"]
[WhiteElo "2430"]
[BlackElo "1717"]
[PlyCount "67"]
[EventDate "2012.11.23"]
[EventType "swiss"]
[EventRounds "11"]
[EventCountry "IND"]
[SourceTitle "CBM 151 Extra"]
[Source "ChessBase"]
[SourceDate "2012.12.18"]
[SourceVersion "1"]
[SourceVersionDate "2012.12.18"]
[SourceQuality "1"]

1. e4 e6 2. d3 d5 3. Nd2 c5 4. g3 Nc6 5. Bg2 Nf6 6. Ngf3 Be7 7. 0-0 0-0 8. Re1 b5 9. e5 Nd7 10. Nf1 a5 11. h4 Ba6 12. N1h2 Re8 13. Bf4 f6 14. Ng4 Rc8 15. exf6 Bxf6 16. Ng5 Nf8 17. Nxf6+ Qxf6 18. Bd6 h6 19. Bxf8 hxg5 20. Bxc5 gxh4 21. d4 b4 22. Qg4 hxg3 23. fxg3 Nb8 24. Re3 Nd7 25. Rae1 Nxc5 26. dxc5 Bb7 27. Rxe6 Rxe6 28. Rxe6 Qxb2 29. Re7 Qc1+ 30. Bf1 Qa1 31. Rxb7 Rf8 32. Qe6+ Kh8 33. Rf7 Qd4+ 34. Kh1 1-0

[Event "Commonwealth-ch RSA op"]
[Site "Gauteng"]
[Date "2011.07.02"]
[Round "10"]
[White "Crismann, Alessandro Claudio"]
[Black "Bhuvaneshwari, R."]
[Result "1-0"]
[WhiteElo "1823"]
[BlackElo "1675"]
[PlyCount "71"]
[EventDate "2011.06.25"]
[EventType "swiss"]
[EventRounds "11"]
[EventCountry "RSA"]
[SourceTitle "CBM 143 Extra"]
[Source "ChessBase"]
[SourceDate "2011.08.29"]
[SourceVersion "1"]
[SourceVersionDate "2011.08.29"]
[SourceQuality "1"]

1. e4 c5 2. Nf3 e6 3. c4 a6 4. d4 cxd4 5. Nxd4 Nf6 6. Nc3 Bb4 7. Bd3 Qc7 8. Nc2 Bxc3+ 9. bxc3 Nc6 10. 0-0 d6 11. Be3 0-0 12. f3 Ne5 13. Qe2 d5 14. cxd5 exd5 15. Bd4 dxe4 16. Bxe4 Nxe4 17. Qxe4 Nc4 18. Rfe1 Bd7 19. Qh4 Be6 20. f4 Nd6 21. g4 Nb5 22. Bxg7 Kxg7 23. Qg5+ Kh8 24. Qf6+ Kg8 25. Re5 h6 26. Qxh6 f6 27. Qg6+ Qg7 28. Qxg7+ Kxg7 29. Rxe6 Nxc3 30. Nd4 Rfe8 31. Nf5+ Kg6 32. Rae1 Rxe6 33. Rxe6 Nd5 34. h4 Rd8 35. Re4 Nc3 36. Re7 1-0

[Event "Commonwealth-ch RSA op"]
[Site "Gauteng"]
[Date "2011.06.28"]
[Round "6"]
[White "Solo, Muzenda"]
[Black "Bhuvaneshwari, R."]
[Result "0-1"]
[WhiteElo "1967"]
[BlackElo "1675"]
[PlyCount "46"]
[EventDate "2011.06.25"]
[EventType "swiss"]
[EventRounds "11"]
[EventCountry "RSA"]
[SourceTitle "CBM 143 Extra"]
[Source "ChessBase"]
[SourceDate "2011.08.29"]
[SourceVersion "1"]
[SourceVersionDate "2011.08.29"]
[SourceQuality "1"]

1. e4 c5 2. Nc3 e6 3. g3 d5 4. d3 dxe4 5. Nxe4 Be7 6. Bg2 Nf6 7. Nc3 0-0 8. Nge2 Nc6 9. 0-0 e5 10. h3 Be6 11. Kh2 Nd5 12. f4 Qd7 13. Nxd5 Bxd5 14. Bxd5 Qxd5 15. Nc3 Qd7 16. f5 Na5 17. g4 f6 18. Ne4 Rad8 19. Be3 b6 20. h4 Qd5 21. b3 b5 22. a4 c4 23. Nc3 Qb7 0-1

[Event "Commonwealth-ch RSA op"]
[Site "Gauteng"]
[Date "2011.06.27"]
[Round "4"]
[White "Boikanyo, Cinky"]
[Black "Bhuvaneshwari, R."]
[Result "1-0"]
[WhiteElo "2029"]
[BlackElo "1675"]
[PlyCount "69"]
[EventDate "2011.06.25"]
[EventType "swiss"]
[EventRounds "11"]
[EventCountry "RSA"]
[SourceTitle "CBM 143 Extra"]
[Source "ChessBase"]
[SourceDate "2011.08.29"]
[SourceVersion "1"]
[SourceVersionDate "2011.08.29"]
[SourceQuality "1"]

1. Nf3 Nf6 2. c4 e6 3. g3 d5 4. Bg2 Be7 5. 0-0 0-0 6. b3 c5 7. cxd5 exd5 8. d4 Nc6 9. Bb2 Bg4 10. Ne5 Bh5 11. Nxc6 bxc6 12. dxc5 Bxc5 13. Qc2 Qe7 14. Nc3 Rfe8 15. Na4 Bb4 16. e3 Rac8 17. Bd4 Ne4 18. a3 Bd6 19. b4 Ng5 20. Bc5 Nf3+ 21. Bxf3 Bxf3 22. Qf5 Be4 23. Bxd6 Qxd6 24. Qf4 Qg6 25. Nc5 Bf5 26. Rac1 f6 27. f3 Bh3 28. Rfe1 Re5 29. e4 d4 30. Red1 Rd8 31. Nd3 Rh5 32. Rxc6 Qf7 33. Qc7 Re8 34. Rdc1 Bd7 35. Rd6 1-0